000 00858nam a22002177a 4500
003 UA-OsUOA
001 71165
007 ta
008 20101006b un ||||| |||| 00| 0 ukr d
100 _aТитова С.В.
090 _a659
_bТ45
942 _cSA
040 _aUA-OsUOA
_brus
_cUA-OsUOA
_dUA-OsUOA
245 _aВиды электронной связи и их дидактические возможности
300 _aС.37-52
955 _a0
041 _arus
080 _a659
773 0 _w71164
_tВестник Московского университета. Серия 19. Лингвистика и межкультурная коммуникация
_dМ.
_d2010
_g3
650 7 _a659 Реклама. Система інформації. Громадська інформація та реклама (Паблик-Рилейшнз)
_2UDC
999 _c357440
_d357440